000 00550nam a2200205 a 4500
001 43118
003 BD-RjUL
005 20211209053641.0
008 160619s1952 enka 000 0 eng
035 _a(BD-RjUL)43236
040 _aDLC
_cHLS
_dHLS
_dBD-RjUL
_beng
041 _aeng
082 _223
_a330
_bHAE 1952
100 1 _aHarrod, Roy,
_d1900-1978
_9130690
245 1 0 _aEconomic essays /
_cby R.F. Harrod
260 _aLondon :
_bMacmillan,
_c1952
300 _axiii, 300 p. :
_bill. ;
_c22 cm.
650 0 _aEconomics
_9132402
942 _2ddc
_cBK
999 _c43118
_d43118